Statistiques concernant Les pays d'Europe par population

Cliquez ici pour prendre le quiz!

Statistiques générales

  • Ce quiz a été pris 537 fois
  • Le résultat moyen est 20 sur 46

Statistiques - réponses

#Population (hab.)Réponse% Correct
1146 780 700Russie
99%
367 848 156France
98%
283 149 300Allemagne
97%
465 761 117Royaume-Uni
95%
646 934 632Espagne
93%
560 359 546Italie
93%
744 983 019Ukraine
84%
838 282 325Pologne
81%
921 302 893Roumanie
68%
1017 282 163Pays-Bas
62%
1111 476 279Belgique
58%
46799Vatican
58%
4338 100Monaco
52%
4532 793St-Marin
51%
1410 390 780Portugal
50%
4437 810Liechtenstein
49%
1310 607 051Grèce
48%
4277 000Andorre
46%
1510 313 447Suède
46%
1210 649 800République Tchèque
41%
169 771 827Hongrie
38%
198 603 900Suisse
37%
188 859 449Autriche
36%
40457 267Malte
33%
38626 108Luxembourg
31%
179 477 918Biélorussie
29%
41362 860Islande
27%
39609 859Monténégro
25%
255 367 580Norvège
25%
216 966 899Bulgarie
24%
235 522 015Finlande
24%
265 176 569Irlande
24%
207 078 110Serbie
24%
371 228 624Estonie
23%
225 822 763Danemark
22%
274 076 246Croatie
21%
351 920 079Kosovo
21%
245 457 926Slovaquie
21%
302 731 464Lituanie
20%
341 928 600Lettonie
19%
332 070 050Slovénie
19%
293 074 579Albanie
17%
283 835 586Bosnie-Herzégovine
17%
322 125 971Macédoine du Nord
17%
312 681 735Moldavie
17%
361 266 676Chypre
15%

Distribution des résultats

Percentile par nombre de réponses

% des personnes avec chaque résultat

Votre développement - résultats

Vous n’avez pas pris ce quiz